LEADER 00884nam0-2200313---450- 001 990008333190403321 005 20060523100649.0 010 $a0521623294 035 $a000833319 035 $aFED01000833319 035 $a(Aleph)000833319FED01 035 $a000833319 100 $a20060523d2000----km-y0itay50------ba 101 0 $aeng 102 $aIT 105 $ay-------001yy 200 1 $aTrusts$ea comparative study$fMaurizio Lupoi$gtranslated by Simon Dix 210 $aCambridge$cCambridge university press$dc2000 215 $aXXX, 400 p.$d24 cm 225 1 $aCambridge studies in international and comparative law 676 $a332$v11 rid.$zita 700 1$aLupoi,$bMaurizio$0145309 801 0$aIT$bUNINA$gRICA$2UNIMARC 901 $aBK 912 $a990008333190403321 952 $aN4 73$bs.i.$fDSI 959 $aDSI 996 $aTrusts$9207778 997 $aUNINA LEADER 00970nam0-22003371i-450 001 990007111360403321 005 20230523095703.0 010 $a88-7750-404-8 035 $a000711136 035 $aFED01000711136 035 $a(Aleph)000711136FED01 035 $a000711136 100 $a20020724d2002----km-y0itay50------ba 101 0 $aita 102 $aIT 105 $ay-------yy1yy 200 1 $a<>test di personalità$equantità e qualità$f[saggi di] Bruno Baldaro ... [et al.]$ga cura di Antonella Granieri 210 $aTorino$cUTET$d2002 215 $aXVI, 231 p.$d24 cm 225 1 $aCollana di psicologia 610 0 $aTest psicologici 676 $a155.28$v20$zit 702 1$aBaldaro,$bBruno 702 1$aGranieri,$bAntonella 801 0$aIT$bUNINA$gRICA$2UNIMARC 901 $aBK 912 $a990007111360403321 952 $a150.2224 GRAA 01$bbibl.43002$fFLFBC 959 $aFLFBC 996 $aTest di personalità$9703236 997 $aUNINA